Diagnosing subsynchronous vibrations in turbomachinery - stable or unstable /

Bibliographic Details
Main Author: Rajagopalan, Vinayaka Narayanan
Other Authors: Vance, John M. (Thesis advisor)
Format: Thesis eBook
Language:English
Published: [College Station, Tex.] : [Texas A&M University], [2010]
Subjects:
Online Access:Link to OAK Trust copy

MARC

Tag First Indicator Second Indicator Subfields
LEADER 00000cam a2200000Ka 4500
001 in00002575405
005 20151201150139.0
006 m f d
007 cr unu||||||||
008 100428s2010 txu sbm 000 0 eng d
035 |a (OCoLC)ocn609888571 
035 |a (OCoLC)609888571 
035 |a (TxCM)http://hdl.handle.net/1969.1/ETD-TAMU-1572 
040 |a TXA  |c TXA  |d UtOrBLW 
049 |a TXAM 
099 |a 2007  |a Thesis  |a 1969.1/ETD-TAMU-1572 
100 1 |a Rajagopalan, Vinayaka Narayanan. 
245 1 0 |a Diagnosing subsynchronous vibrations in turbomachinery - stable or unstable /  |c by Vinayaka Narayanan Rajagopalan. 
264 1 |a [College Station, Tex.] :  |b [Texas A&M University],  |c [2010] 
300 |a 1 online resource. 
336 |a text  |b txt  |2 rdacontent 
337 |a computer  |b c  |2 rdamedia 
338 |a online resource  |b cr  |2 rdacarrier 
500 |a "Major Subject: Mechanical Engineering" 
500 |a Title from author supplied metadata (automated record created 2010-03-12 12:08:51). 
502 |b Master of Science  |c Texas A&M University  |d 2007  |o http://hdl.handle.net/1969.1/ETD-TAMU-1572 
520 3 |a Rotordynamic instability, commonly observed as subsynchronous vibration, is a serious problem that can cause heavy damage to a turbomachine or make it incapable of operation because of high vibration levels. All subsynchronous vibrations, howver, are not necessarily unstable. If the amplitude of the subsynchronous vibration is large, it can cause damage to seals, bearings, or process wheels. If it is small, the question arises as to whether it has the potential to grow larger (“instability”) or whether it is benign and harmless. A way to know would be helpful. The objective of this study is to signal analyze subsynchronous vibrations in turbomachinery and distinguish benign subsynchronous vibration from the true potential instabilities. Effort is also made to identify unique signatures to a cause to aid in faster diagnosis. First, a computer simulation study is conducted on four rotors, including two gas-reinjection compressors that went unstable, to examine the possibility of using the change in the synchronous phase angle as a possible indicator of impending instability. Results indicate that, phase angle can be used as an indicator of potential instability, provided that a judicious approach is used, as the synchronous phase angle, by itself, cannot classify between benign and unstable motion. It can confirm, however, a true rotordynamic instability. Several causes of subsynchronous vibration in turbomachinery are studied experimentally. Signals are measured from a rotor having a dead-band clearance between the bearing outer race and the housing. It is studied as another example of a subsynchronous vibration arising because of a benign cause. The effect is studied with the rotor in the horizontal and vertical positions, and clear indicators are observed that confirm the subsynchronous vibration to be benign in nature. Dry friction whip is also experimentally produced on a test rig. The measurements show that dry friction whip defies the general rules of thumb for diagnosing a true instability and at the same time is a very violent one as well. The last phenomenon to be studied is coupled lateral-torsional vibrations. A special test rig was built to study this effect, and clear indicators have been identified to distinguish the response as resulting from torsional vibrations and also classify it as a benign source of subsynchronous vibration. The test rig is also mathematically modeled to predict its torsional natural frequencies. 
504 |a Includes bibliographical references. 
516 |a Text (Thesis) 
500 |a Electronic resource. 
650 4 |a Major mechanical engineering. 
653 |a Diagnostics 
653 |a unstable 
653 |a vibrations 
653 |a stable 
700 1 |a Vance, John M.,  |e thesis advisor. 
856 4 0 |u http://hdl.handle.net/1969.1/ETD-TAMU-1572  |z Link to OAK Trust copy  |t 0 
948 |a cataloged  |b h  |c 2010/4/28  |d c  |e jgreene  |f 12:53:19 pm 
994 |a C0  |b TXA 
999 |a MARS 
999 f f |s 83a7d5cf-e0ff-3cfc-a954-2ce20b93245e  |i 0e75cce5-49ce-3726-b1f7-3a5e3bca9e16  |t 0 
952 f f |a Texas A&M University  |b College Station  |c Electronic Resources  |d Available Online  |t 0  |e 2007 Thesis 1969.1/ETD-TAMU-1572  |h Other scheme 
998 f f |a 2007 Thesis 1969.1/ETD-TAMU-1572  |t 0  |l Available Online